banner koha

Teste de um modelo agroclimatico que relacione o regime pluviometrico com as variacoes da produtividade agricola (Registro n. 334347)

MARC details
000 -LÍDER
campo de controle de tamanho fixo 01249naa a22003257a 4500
001 - NÚMERO DE CONTROLE
campo de controle BR8207068
003 - IDENTIFICADOR DO NÚMERO DE CONTROLE
campo de controle BR-BrBNA
005 - DATA E HORÁRIO DA ÚLTIMA TRANSAÇÃO
campo de controle 20250721143213.0
007 - CAMPO FIXO DE DESCRIÇÃO FÍSICA--INFORMAÇÃO GERAL
campo de controle de tamanho fixo ta
008 - CAMPO DE DADOS FIXOS--INFORMAÇÃO GERAL
campo de controle de tamanho fixo 250630b bl.|||m| |||| 00| 0 por d
040 ## - FONTE DA CATALOGAÇÃO
Instituição da catalogação original BR-BrBNA
Idioma da catalogação por
Instituição que transcreveu o registro Biblioteca Nacional de Agricultura
041 ## - CÓDIGO DE IDIOMA
Código do idioma do texto/trilha sonora ou título diferente (Pt)
072 ## - CÓDIGO DE CATEGORIA DE ASSUNTO
Código de Categoria de Assunto F01; P40
090 ## - NÚMERO DE CHAMADA LOCAL
Número de chamada F01 BR8207068
100 1# - ENTRADA PRINCIPAL--NOME PESSOAL
Nome pessoal Brunini, O.
100 1# - ENTRADA PRINCIPAL--NOME PESSOAL
Nome pessoal Miranda, M.A.C.
100 1# - ENTRADA PRINCIPAL--NOME PESSOAL
Nome pessoal Mascarenhas, H.A.A.
100 1# - ENTRADA PRINCIPAL--NOME PESSOAL
Nome pessoal Pereira, J.C.V.N.V.
100 1# - ENTRADA PRINCIPAL--NOME PESSOAL
Nome pessoal Schimidt, N.C.
245 1# - TÍTULO
Título Teste de um modelo agroclimatico que relacione o regime pluviometrico com as variacoes da produtividade agricola
490 ## - TÍTULO DA SÉRIE
Título da série Colecao Analise e Pesquisa - Comissao de Financiamento da Producao (Brazil)
Número do volume ou designação sequencial da série v. 24
500 ## - NOTA GERAL
Nota geral Determinacao do efeito da precipitacao pluviometrica na produtividade agricola<br/>Brasilia, DF (Brasil): 1982. p. 21-46 [8 ref.; 21 tables]<br/>(BR8207068-AMS)<br/>
650 ## - ASSUNTO--TERMO TÓPICO
Cabeçalho tópico ou nome geográfico PRODUCAO VEGETAL
650 ## - ASSUNTO--TERMO TÓPICO
Cabeçalho tópico ou nome geográfico PLUVIOMETRIA
650 ## - ASSUNTO--TERMO TÓPICO
Cabeçalho tópico ou nome geográfico RELACAO AGUA-PLANTA
650 ## - ASSUNTO--TERMO TÓPICO
Cabeçalho tópico ou nome geográfico BALANCO HIDRICO
773 0# - ENTRADA ANALÍTICA
Título Determinacao do efeito da precipitacao pluviometrica na produtividade agricola
Número de controle do registro F01 BR8207068
Partes relacionadas Brasilia, DF (Brasil), 1982. p. 21-46
942 ## - ELEMENTOS DE ENTRADA ADICIONADOS (KOHA)
Tipo de material Koha Analítica de Monografia Seriada
Fonte da classificação ou esquema de arquivamento na estante Classificação AGRIS
909 ## -
-- 202506
-- Lúcia
-- 55
-- Lúcia Elande
Exemplares
Situação do descarte Fonte da classificação ou esquema de arquivamento na estante Situação física Não pode ser emprestado Coleção Biblioteca de origem Biblioteca atual Total de empréstimos Número de telefone completo Data de último acesso Número do exemplar Tipo de material Koha Situação das perdas Data de aquisição Fonte de aquisição
  Classificação AGRIS       Biblioteca Nacional de Agricultura - Binagri Biblioteca Nacional de Agricultura - Binagri   F10 BR8108411 30/06/2025 01 Analítica de Monografia Seriada   2025-06-30 Portaria Interministerial nº 164/94

BINAGRI

Telefone: (61)3218-2567/2388/3357/2097 - binagri@agro.gov.br

Ministério da Agricultura e Pecuária , Esplanada dos Ministérios, Bloco D, Anexo B, Brasília/DF, CEP: 70.043-900